[Event "Youth Classic 2018 Juniors Open U18"]
[Site "Bad Soden-Neuenhain, Bürgerhau"]
[Date "2018.10.01"]
[Round "5.11"]
[White "Wagner, Valerian"]
[Black "Rakhletskyy, Bohdan"]
[Result "0-1"]
[WhiteElo "773"]
[BlackElo "796"]
[PlyCount "44"]
[EventDate "2018.??.??"]
[WhiteTeam "SC Bad Soden"]
[BlackTeam "SC Nied"]

1. e4 e5 2. Nf3 Nc6 3. Bc4 h6 4. Nc3 Bc5 5. d3 Nf6 6. Be3 d6 7. Bxc5 dxc5 8.
Qe2 O-O 9. O-O a6 10. Qe3 b6 11. Bd5 Bb7 12. Bxc6 Bxc6 13. Rad1 Qe7 14. Nh4 Bd7
15. Nd5 Nxd5 16. exd5 Qxh4 17. Qxe5 Rac8 18. d6 Rce8 19. Qd5 Re6 20. dxc7 Bc6
21. Qb3 Qg5 22. Qxb6 Qxg2# 0-1

[Event "Youth Classic 2018 Juniors Open U18"]
[Site "Bad Soden-Neuenhain, Bürgerhau"]
[Date "2018.10.02"]
[Round "6.1"]
[White "Deppe, Leo Max"]
[Black "Lange, Lars"]
[Result "1-0"]
[WhiteElo "1895"]
[BlackElo "1848"]
[PlyCount "55"]
[EventDate "2018.??.??"]
[WhiteTeam "SC Bad Soden"]
[BlackTeam "Sfr. Kelkheim"]

1. Nf3 Nf6 2. c4 g6 3. Nc3 d5 4. cxd5 Nxd5 5. e4 Nxc3 6. dxc3 Qxd1+ 7. Kxd1 c5
8. Bf4 Nd7 9. Kc2 Bg7 10. Nd2 O-O 11. a4 Ne5 12. Nc4 Nxc4 13. Bxc4 Be6 14. Bxe6
fxe6 15. Bg3 Rad8 16. Rad1 b6 17. Rxd8 Rxd8 18. Rd1 Rxd1 19. Kxd1 a6 20. Kc2 b5
21. Kb3 Kf7 22. f3 b4 23. cxb4 cxb4 24. Kxb4 Bxb2 25. Ka5 Ke8 26. Kxa6 Kd7 27.
Kb7 Bc3 28. Bc7 1-0

[Event "Youth Classic 2018 Juniors Open U18"]
[Site "Bad Soden-Neuenhain, Bürgerhau"]
[Date "2018.10.02"]
[Round "6.2"]
[White "Vakulenko, Oleksandr"]
[Black "Iliev, Mustafa Batuhan"]
[Result "0-1"]
[WhiteElo "1999"]
[BlackElo "2046"]
[PlyCount "106"]
[EventDate "2018.??.??"]
[WhiteTeam "Gambit Kiew"]
[BlackTeam "SV Großauheim"]

1. e4 c5 2. c3 d5 3. exd5 Qxd5 4. d4 Nf6 5. Nf3 e6 6. Be3 cxd4 7. cxd4 Nc6 8.
Nc3 Qd6 9. a3 Be7 10. Bd3 O-O 11. O-O b6 12. Qe2 Bb7 13. Rad1 Rad8 14. Bb1 Rfe8
15. Qc2 g6 16. Rfe1 Rc8 17. Qe2 Qb8 18. Ba2 Ng4 19. h3 Nxe3 20. fxe3 Rcd8 21.
Rf1 Rf8 22. Nd2 Qg3 23. Nde4 Qh4 24. Rf4 Qh6 25. Rdf1 g5 26. Nf6+ Kh8 27. R4f2
Nb8 28. Bc4 Nd7 29. Nxd7 Rxd7 30. Rxf7 Rxf7 31. Rxf7 Qg6 32. Rf1 Kg7 33. Bd3
Qh6 34. Qf2 Bf6 35. Be4 Ba6 36. Rd1 Rf7 37. Bf3 g4 38. Qg3 Qxe3+ 39. Kh1 h5 40.
hxg4 h4 41. Qd6 h3 42. Qg3 hxg2+ 43. Kxg2 Bxd4 44. Re1 Qd2+ 45. Ne2 Bc4 46. Kh3
Rxf3 47. Qxf3 Qxe1 48. Nxd4 Bf1+ 49. Kh2 Bc4 50. g5 Qe5+ 51. Kh3 Qxd4 52. Qh5
Bf1+ 53. Kg3 Qe3+ 0-1

[Event "Youth Classic 2018 Juniors Open U18"]
[Site "Bad Soden-Neuenhain, Bürgerhau"]
[Date "2018.10.02"]
[Round "6.3"]
[White "Boder, Jan"]
[Black "Le, Tung Lam"]
[Result "1-0"]
[WhiteElo "1874"]
[BlackElo "1371"]
[PlyCount "43"]
[EventDate "2018.??.??"]
[WhiteTeam "SG Mörsdorf-Lahr"]
[BlackTeam "SC Nied"]

1. b3 d5 2. Bb2 Nc6 3. e3 e5 4. Bb5 Bd6 5. f4 Qe7 6. Nf3 Bg4 7. h3 Bxf3 8. Qxf3
Nf6 9. fxe5 Bxe5 10. d4 Bd6 11. c4 Qe6 12. Nc3 Bb4 13. O-O Bxc3 14. Bxc3 O-O
15. Bb2 Rfd8 16. Rac1 Nb4 17. a3 Nd3 18. cxd5 Qb6 19. Bxd3 Qxb3 20. Qe2 Nxd5
21. e4 Re8 22. Bc4 1-0

[Event "Youth Classic 2018 Juniors Open U18"]
[Site "Bad Soden-Neuenhain, Bürgerhau"]
[Date "2018.10.02"]
[Round "6.4"]
[White "Bajorski, Marius"]
[Black "Schmohel, Andreas"]
[Result "0-1"]
[WhiteElo "2083"]
[BlackElo "1825"]
[PlyCount "38"]
[EventDate "2018.??.??"]
[WhiteTeam "SV Hofheim"]
[BlackTeam "SC Viernheim"]

1. e4 e5 2. Nf3 Nc6 3. Bc4 Nf6 4. d3 Bc5 5. c3 a6 6. Bb3 Ba7 7. O-O d6 8. Re1
O-O 9. Nbd2 Ng4 10. Re2 Kh8 11. h3 Nh6 12. Nc4 f5 13. Be3 fxe4 14. Bg5 exf3 15.
Bxd8 fxe2 16. Qxe2 Rxf2 17. Qxf2 Bxf2+ 18. Kxf2 Nxd8 19. Rf1 Ne6 0-1

[Event "Youth Classic 2018 Juniors Open U18"]
[Site "Bad Soden-Neuenhain, Bürgerhau"]
[Date "2018.10.02"]
[Round "6.5"]
[White "Hagner, Bennet"]
[Black "Lassek, Bjarne"]
[Result "1-0"]
[WhiteElo "1992"]
[BlackElo "1120"]
[PlyCount "79"]
[EventDate "2018.??.??"]
[WhiteTeam "Frankfurter TV"]
[BlackTeam "SC Nied"]

1. d4 Nf6 2. c4 e5 3. d5 Bc5 4. Nc3 O-O 5. e4 c6 6. Bg5 d6 7. Bd3 Bxf2+ 8. Kxf2
Ng4+ 9. Qxg4 Bxg4 10. Bxd8 Rxd8 11. h3 Bd7 12. Nf3 Na6 13. a3 Nc5 14. Bc2 f5
15. exf5 Rf8 16. b4 Na6 17. g4 cxd5 18. Nxd5 b5 19. Bb3 Kh8 20. Rac1 Rac8 21.
h4 h5 22. Ne7 hxg4 23. Ng6+ Kh7 24. Ng5+ Kh6 25. Nxf8 Rxf8 26. Kg3 Rxf5 27.
Rhf1 e4 28. Nf7+ Kh5 29. Rxf5+ Bxf5 30. cxb5 e3 31. bxa6 e2 32. Re1 g5 33. Nxg5
d5 34. Rxe2 d4 35. Re1 d3 36. Rc1 d2 37. Rc6 Bc2 38. Bf7+ Bg6 39. Rxg6 d1=R 40.
Rd6# 1-0

[Event "Youth Classic 2018 Juniors Open U18"]
[Site "Bad Soden-Neuenhain, Bürgerhau"]
[Date "2018.10.02"]
[Round "6.6"]
[White "Reichel, Björn"]
[Black "Stobbe, Frederik"]
[Result "0-1"]
[WhiteElo "1484"]
[BlackElo "1863"]
[PlyCount "88"]
[EventDate "2018.??.??"]
[WhiteTeam "SV Ginsheim"]
[BlackTeam "SC Bad Soden"]

1. e4 c5 2. b3 Nc6 3. Nf3 d6 4. Bc4 Nf6 5. Nc3 a6 6. O-O Bg4 7. h3 Bh5 8. Re1
e5 9. Be2 Bxf3 10. Bxf3 g6 11. d3 Bg7 12. Bg5 h6 13. Bd2 O-O 14. Rc1 Kh7 15.
Nd5 Nxd5 16. exd5 Ne7 17. g3 Rb8 18. Bg2 b5 19. c3 f5 20. f4 Nc8 21. Kh2 Qf6
22. Be3 Qf7 23. Qd2 exf4 24. Bxf4 g5 25. Be3 f4 26. Be4+ Kh8 27. gxf4 gxf4 28.
Bf2 Ne7 29. d4 c4 30. Rg1 Nxd5 31. Rg6 Nf6 32. Qxf4 Nxe4 33. Qxe4 Qxf2+ 34. Rg2
Qf4+ 35. Qxf4 Rxf4 36. Rcg1 Bf6 37. Rg6 Bg5 38. Rxd6 Rf2+ 39. Kg3 Rxa2 40. h4
Be3 41. Rf1 Rg8+ 42. Kh3 Rag2 43. Rf3 Bf4 44. Rd8 Rh2# 0-1

[Event "Youth Classic 2018 Juniors Open U18"]
[Site "Bad Soden-Neuenhain, Bürgerhau"]
[Date "2018.10.02"]
[Round "6.7"]
[White "Gallasch, Robin"]
[Black "Karl, Florian"]
[Result "1/2-1/2"]
[WhiteElo "1822"]
[BlackElo "1608"]
[PlyCount "71"]
[EventDate "2018.??.??"]
[WhiteTeam "SG Porz"]
[BlackTeam "SK Langen"]

1. d4 d5 2. c4 c6 3. cxd5 cxd5 4. Nc3 e6 5. Nf3 Bd6 6. g3 f5 7. Bg2 Nf6 8. O-O
O-O 9. Qc2 Nc6 10. Bf4 Bxf4 11. gxf4 Bd7 12. Rac1 Rc8 13. Rfd1 Ne4 14. e3 Nxc3
15. Qxc3 Qa5 16. Qb3 Qb4 17. Nd2 Qxb3 18. Nxb3 Rc7 19. Rc3 Rfc8 20. Rdc1 Kf8
21. Bf1 Ke7 22. Nc5 Nb8 23. Be2 b6 24. Nxd7 Kxd7 25. Bb5+ Kd6 26. Kf1 Rxc3 27.
Rxc3 Rxc3 28. bxc3 Nc6 29. Ke2 Nb8 30. f3 a6 31. Bd3 b5 32. e4 g6 33. Kd2 Kc6
34. Kc2 Kb6 35. Kb3 Nc6 36. a4 1/2-1/2

[Event "Youth Classic 2018 Juniors Open U18"]
[Site "Bad Soden-Neuenhain, Bürgerhau"]
[Date "2018.10.02"]
[Round "6.8"]
[White "Schubert, Ansgar"]
[Black "Badan, Tarkan"]
[Result "1-0"]
[WhiteElo "1116"]
[BlackElo "1112"]
[PlyCount "62"]
[EventDate "2018.??.??"]
[WhiteTeam "SC Bad Soden"]
[BlackTeam "Frankfurter TV"]

1. e4 e5 2. Nf3 Nc6 3. Bb5 Bc5 4. O-O Nf6 5. Re1 O-O 6. c3 d5 7. exd5 Qxd5 8.
Bxc6 Qxc6 9. Nxe5 Qd5 10. d4 Bd6 11. Bg5 Qe6 12. Nd2 Qf5 13. Bh4 c5 14. Qe2
cxd4 15. cxd4 Bb4 16. Rad1 Ng4 17. Bg3 Be6 18. a3 Ba5 19. b4 Bc7 20. Ndc4 Rfe8
21. d5 Bxe5 22. Bxe5 Bd7 23. h3 Nxe5 24. Nxe5 f6 25. g4 Qxe5 26. Qd2 Ba4 27.
Rxe5 Rxe5 28. Re1 Rxe1+ 29. Qxe1 Rd8 30. Qe6+ Kf8 31. d6 Bd7 1-0

[Event "Youth Classic 2018 Juniors Open U18"]
[Site "Bad Soden-Neuenhain, Bürgerhau"]
[Date "2018.10.02"]
[Round "6.9"]
[White "Gertel, Josef"]
[Black "Edelmann, Viktor"]
[Result "1/2-1/2"]
[WhiteElo "1291"]
[BlackElo "1399"]
[PlyCount "41"]
[EventDate "2018.??.??"]
[WhiteTeam "SC Frankfurt-West"]
[BlackTeam "SC Frankfurt-West"]

1. e4 e5 2. Bc4 Nc6 3. c3 d6 4. Bb3 Nf6 5. d3 Be6 6. Bc2 d5 7. Nd2 Bc5 8. Ngf3
d4 9. O-O Bg4 10. h3 Bh5 11. Re1 g5 12. g4 Bg6 13. Nc4 Qe7 14. Ba4 a6 15. Bxc6+
bxc6 16. Nfxe5 h5 17. Bxg5 hxg4 18. Bxf6 Qxf6 19. Qxg4 Rh4 20. Qd7+ Kf8 21.
cxd4 1/2-1/2

[Event "Youth Classic 2018 Juniors Open U18"]
[Site "Bad Soden-Neuenhain, Bürgerhau"]
[Date "2018.10.02"]
[Round "6.10"]
[White "Rakhletskyy, Bohdan"]
[Black "Buchholz, Jan"]
[Result "0-1"]
[WhiteElo "796"]
[BlackElo "994"]
[PlyCount "124"]
[EventDate "2018.??.??"]
[WhiteTeam "SC Nied"]
[BlackTeam "SK Langen"]

1. e4 c5 2. d4 cxd4 3. c3 dxc3 4. Nxc3 Nc6 5. Bc4 g6 6. Nf3 Bg7 7. Ng5 e6 8.
Bf4 Nf6 9. Nb5 Qa5+ 10. Bd2 Qb6 11. O-O O-O 12. Re1 a6 13. Bb4 Nxb4 14. Nc3 Qc5
15. e5 Qxc4 16. exf6 Bxf6 17. Nge4 Bg7 18. Nd6 Qd3 19. Qb3 Qxd6 20. a3 Nc6 21.
Rad1 Qe7 22. Na4 b5 23. Nc3 Bxc3 24. bxc3 Na5 25. Qb2 Nc4 26. Qb3 Nxa3 27. Rd4
Bb7 28. Red1 Rfd8 29. R1d3 Bd5 30. Qb2 Nc4 31. Qb4 Qg5 32. f3 e5 33. Rg4 Qc1+
34. Kf2 Qc2+ 35. Kg3 Qxd3 36. Qc5 Be6 37. Rh4 Ne3 38. Re4 a5 39. Rxe3 Qc4 40.
Qxe5 Qd5 41. Qf6 a4 42. Qd4 Qxd4 43. cxd4 a3 44. h3 a2 45. Kh4 a1=Q 46. g3
Qxd4+ 47. Kg5 Qxe3+ 48. Kf6 Kf8 49. f4 Qxf4+ 50. gxf4 b4 51. f5 Bxf5 52. h4 h6
53. h5 Re8 54. hxg6 Ra6+ 55. Kxf5 fxg6+ 56. Kg4 b3 57. Kf4 b2 58. Kg4 b1=R 59.
Kf4 Rb4+ 60. Kf3 Ra3+ 61. Kf2 Rb2+ 62. Kf1 Ra1# 0-1

[Event "Youth Classic 2018 Juniors Open U18"]
[Site "Bad Soden-Neuenhain, Bürgerhau"]
[Date "2018.10.02"]
[Round "6.11"]
[White "Hegmann, Kolja"]
[Black "Wagner, Valerian"]
[Result "1-0"]
[WhiteElo "1614"]
[BlackElo "773"]
[PlyCount "67"]
[EventDate "2018.??.??"]
[WhiteTeam "TuS Makkabi"]
[BlackTeam "SC Bad Soden"]

1. e4 e5 2. Nf3 Nc6 3. d4 exd4 4. Nxd4 Nxd4 5. Qxd4 d6 6. Bc4 Be6 7. O-O Bxc4
8. Qxc4 Qd7 9. Nc3 Be7 10. Bf4 Nf6 11. Rad1 O-O 12. e5 Ne8 13. Rd3 a6 14. Rh3
dxe5 15. Bxe5 Bf6 16. Qe4 h6 17. Bxf6 Nxf6 18. Qxb7 Rad8 19. Qxa6 Qd2 20. Rg3
Qxc2 21. Qxf6 Qg6 22. Rxg6 fxg6 23. Qxg6 Rd2 24. Qe6+ Kh8 25. Nd5 Rxb2 26. Nxc7
Rxa2 27. Qxa2 Kh7 28. Ne6 Re8 29. Rc1 Rb8 30. g4 Kg6 31. Qd5 Kf6 32. Qf5+ Ke7
33. Nxg7 Kd6 34. Qe6# 1-0

[Event "Youth Classic 2018 Juniors Open U18"]
[Site "Bad Soden-Neuenhain, Bürgerhau"]
[Date "2018.10.02"]
[Round "7.1"]
[White "Iliev, Mustafa Batuhan"]
[Black "Deppe, Leo Max"]
[Result "1/2-1/2"]
[WhiteElo "2046"]
[BlackElo "1895"]
[PlyCount "137"]
[EventDate "2018.??.??"]
[WhiteTeam "SV Großauheim"]
[BlackTeam "SC Bad Soden"]

1. e4 c6 2. d4 d5 3. exd5 cxd5 4. Bd3 Nc6 5. c3 Qc7 6. h3 g6 7. Ne2 Bf5 8. Bxf5
gxf5 9. Bf4 Qd7 10. O-O Nf6 11. Nd2 e6 12. Re1 Bd6 13. Nf3 Bxf4 14. Nxf4 O-O-O
15. b4 Ne4 16. Nd3 Rhg8 17. Nc5 Qc7 18. Nxe4 fxe4 19. Nd2 f5 20. f3 Qg3 21. Qe2
Qxh3 22. Qf2 Rg6 23. Kf1 Qh2 24. Qg1 Qf4 25. Qe3 Qg3 26. Qf2 Rdg8 27. Qxg3 Rxg3
28. Re2 h5 29. Rae1 h4 30. Rf2 h3 31. gxh3 Rg1+ 32. Ke2 Rxe1+ 33. Kxe1 e3 34.
Rh2 exd2+ 35. Kxd2 Kd7 36. Ke3 Ke7 37. Kf4 Kf6 38. a4 Ne7 39. h4 Rc8 40. Rc2
Rc4 41. Ke3 Kg6 42. Rg2+ Kh5 43. Rg5+ Kh6 44. Kd3 Ng6 45. Rg3 Nxh4 46. Rg8 Nxf3
47. Re8 Rc6 48. Re7 Ng5 49. Rxb7 Ra6 50. a5 Ne4 51. Re7 Kg6 52. c4 Kf6 53. Rd7
dxc4+ 54. Kxc4 f4 55. Kb5 Rd6 56. Rxa7 f3 57. Rh7 f2 58. Rh1 Ng3 59. Ra1 f1=Q+
60. Rxf1+ Nxf1 61. a6 Ne3 62. a7 Nd5 63. a8=Q Nc7+ 64. Kc5 Rd5+ 65. Qxd5 Nxd5
66. b5 Ke7 67. Kc6 Nb4+ 68. Kc7 Nd5+ 69. Kc6 1/2-1/2

[Event "Youth Classic 2018 Juniors Open U18"]
[Site "Bad Soden-Neuenhain, Bürgerhau"]
[Date "2018.10.02"]
[Round "7.2"]
[White "Lange, Lars"]
[Black "Boder, Jan"]
[Result "0-1"]
[WhiteElo "1848"]
[BlackElo "1874"]
[PlyCount "66"]
[EventDate "2018.??.??"]
[WhiteTeam "Sfr. Kelkheim"]
[BlackTeam "SG Mörsdorf-Lahr"]

1. d4 Nf6 2. c4 c5 3. d5 b5 4. Qc2 d6 5. e4 bxc4 6. Bxc4 g6 7. Nf3 Bg7 8. O-O
O-O 9. Nc3 Bg4 10. Nd2 a5 11. h3 Bd7 12. f4 Na6 13. a3 e6 14. Re1 exd5 15. Nxd5
Nxd5 16. Bxd5 Rb8 17. Nc4 Bb5 18. Rb1 Nc7 19. b3 Nxd5 20. exd5 Bxc4 21. bxc4
Qh4 22. Be3 Rbe8 23. Qf2 Qf6 24. Bd2 Qf5 25. Qf3 Qc2 26. Bxa5 Qxc4 27. Bc7 Bc3
28. Rec1 Qd4+ 29. Kh1 Re3 30. Qf1 Qxd5 31. Rd1 Rxh3+ 32. Kg1 Bd4+ 33. Rxd4
Qxd4+ 0-1

[Event "Youth Classic 2018 Juniors Open U18"]
[Site "Bad Soden-Neuenhain, Bürgerhau"]
[Date "2018.10.02"]
[Round "7.3"]
[White "Schmohel, Andreas"]
[Black "Vakulenko, Oleksandr"]
[Result "1-0"]
[WhiteElo "1825"]
[BlackElo "1999"]
[PlyCount "94"]
[EventDate "2018.??.??"]
[WhiteTeam "SC Viernheim"]
[BlackTeam "Gambit Kiew"]

1. d4 Nf6 2. c4 e6 3. Nc3 Bb4 4. e3 b6 5. Nge2 Bb7 6. a3 Be7 7. d5 d6 8. e4 c6
9. Nf4 cxd5 10. cxd5 e5 11. Nd3 O-O 12. g3 Nfd7 13. Bh3 Nc5 14. b4 Nxd3+ 15.
Qxd3 Ba6 16. Nb5 Bc8 17. Bg2 f5 18. O-O fxe4 19. Bxe4 h6 20. f4 a6 21. Nc3 Nd7
22. Bf5 Nf6 23. fxe5 dxe5 24. Be3 Kh8 25. Rad1 Bd6 26. Na4 Bxf5 27. Rxf5 e4 28.
Qf1 b5 29. Nc5 Qb6 30. Qe2 Qb8 31. Ne6 Rf7 32. Rdf1 Be5 33. g4 Bxh2+ 34. Qxh2
Qxh2+ 35. Kxh2 Nxg4+ 36. Kg3 Rxf5 37. Rxf5 Nxe3 38. Re5 Nc4 39. Rxe4 a5 40. Nc7
Rb8 41. Rd4 axb4 42. axb4 Nd6 43. Kf4 Rd8 44. Ke5 Kg8 45. Rf4 Rd7 46. Ke6 Rxc7
47. Kxd6 Rc4 1-0

[Event "Youth Classic 2018 Juniors Open U18"]
[Site "Bad Soden-Neuenhain, Bürgerhau"]
[Date "2018.10.02"]
[Round "7.4"]
[White "Stobbe, Frederik"]
[Black "Hagner, Bennet"]
[Result "0-1"]
[WhiteElo "1863"]
[BlackElo "1992"]
[PlyCount "70"]
[EventDate "2018.??.??"]
[WhiteTeam "SC Bad Soden"]
[BlackTeam "Frankfurter TV"]

1. e4 c6 2. Nf3 d5 3. Nc3 dxe4 4. Nxe4 Nf6 5. Qe2 Nxe4 6. Qxe4 Nd7 7. d4 Nf6 8.
Qe2 Bg4 9. c3 e6 10. h3 Bf5 11. g3 Bd6 12. Bg2 O-O 13. O-O h6 14. Ne5 Nd7 15.
Rd1 Qc7 16. Nxd7 Qxd7 17. a4 a5 18. Kh2 Rfe8 19. Be4 Bxe4 20. Qxe4 Qc7 21. Qg4
Kh8 22. Be3 Qb6 23. d5 Bc5 24. dxe6 Bxe3 25. exf7 Rf8 26. fxe3 Qxb2+ 27. Kh1
Rxf7 28. Rf1 Raf8 29. Kg1 Rf2 30. Qe4 Qe2 31. Rxf2 Qxf2+ 32. Kh1 Qxg3 33. Qe6
Rf6 34. Qe8+ Kh7 35. Qd7 Rg6 0-1

[Event "Youth Classic 2018 Juniors Open U18"]
[Site "Bad Soden-Neuenhain, Bürgerhau"]
[Date "2018.10.02"]
[Round "7.5"]
[White "Schubert, Ansgar"]
[Black "Bajorski, Marius"]
[Result "0-1"]
[WhiteElo "1116"]
[BlackElo "2083"]
[PlyCount "78"]
[EventDate "2018.??.??"]
[WhiteTeam "SC Bad Soden"]
[BlackTeam "SV Hofheim"]

1. e4 c6 2. d4 d5 3. e5 c5 4. c3 Nc6 5. Nf3 Bg4 6. Bb5 e6 7. Be3 Qb6 8. Bxc6+
bxc6 9. Nbd2 Nh6 10. Bxh6 gxh6 11. Qb3 Rg8 12. Qxb6 axb6 13. h3 Bxf3 14. Nxf3
Rxg2 15. Rg1 Rxg1+ 16. Nxg1 cxd4 17. cxd4 Ra4 18. Nf3 c5 19. dxc5 Bxc5 20. a3
Rf4 21. b4 Rxf3 22. bxc5 Rxh3 23. Ke2 bxc5 24. a4 Kd7 25. a5 Kc7 26. f3 Rh4 27.
Ke3 Kb7 28. a6+ Ka7 29. f4 Rg4 30. Rh1 Kxa6 31. Rxh6 Rg7 32. f5 Rg5 33. f6
Rxe5+ 34. Kf4 Rf5+ 35. Ke3 Kb5 36. Rxh7 Rxf6 37. Rh4 Rf5 38. Rg4 e5 39. Ke2 e4
0-1

[Event "Youth Classic 2018 Juniors Open U18"]
[Site "Bad Soden-Neuenhain, Bürgerhau"]
[Date "2018.10.02"]
[Round "7.6"]
[White "Le, Tung Lam"]
[Black "Gallasch, Robin"]
[Result "0-1"]
[WhiteElo "1371"]
[BlackElo "1822"]
[PlyCount "78"]
[EventDate "2018.??.??"]
[WhiteTeam "SC Nied"]
[BlackTeam "SG Porz"]

1. d4 Nf6 2. c4 c5 3. Nf3 cxd4 4. Nxd4 e5 5. Nb3 d5 6. cxd5 Qxd5 7. Qxd5 Nxd5
8. e4 Nb4 9. Na3 N8c6 10. Bc4 Be7 11. O-O O-O 12. Nb5 Nc2 13. Rb1 N2d4 14.
N3xd4 exd4 15. Nc7 Rb8 16. Bf4 Bg4 17. f3 Bd7 18. Nd5 Rbc8 19. Rfd1 Be6 20.
Nxe7+ Nxe7 21. Bxe6 fxe6 22. Be5 Ng6 23. Bxd4 Nf4 24. Bxa7 Rc2 25. Bf2 Rf6 26.
Rd8+ Kf7 27. Rd7+ Kf8 28. Kf1 Rh6 29. h3 Rg6 30. g4 Nxh3 31. Bg3 Rf6 32. f4 b5
33. f5 Nf4 34. Rbd1 Rh6 35. Rd8+ Kf7 36. R1d7+ Kf6 37. Bf2 Rh1+ 38. Bg1 Rg2 39.
Rf8+ Ke5 0-1

[Event "Youth Classic 2018 Juniors Open U18"]
[Site "Bad Soden-Neuenhain, Bürgerhau"]
[Date "2018.10.02"]
[Round "7.7"]
[White "Lassek, Bjarne"]
[Black "Reichel, Björn"]
[Result "0-1"]
[WhiteElo "1120"]
[BlackElo "1484"]
[PlyCount "80"]
[EventDate "2018.??.??"]
[WhiteTeam "SC Nied"]
[BlackTeam "SV Ginsheim"]

1. e4 c5 2. d4 cxd4 3. c3 dxc3 4. Nxc3 Nc6 5. Nf3 d6 6. Bc4 e6 7. O-O Be7 8.
Be3 Nf6 9. Rc1 O-O 10. Qe2 a6 11. a4 e5 12. Rfd1 Ng4 13. Bd2 Nf6 14. Bg5 h6 15.
Bh4 Bg4 16. h3 Nd4 17. Qe3 Nxf3+ 18. gxf3 Bxh3 19. Kh2 Be6 20. Bxe6 fxe6 21.
Rg1 Kh8 22. Rg2 Nh5 23. Rcg1 Bxh4 24. Rxg7 Bg5 25. R7xg5 hxg5 26. Rxg5 Nf4 27.
Rh5+ Nxh5 28. Qh6+ Kg8 29. Qxe6+ Rf7 30. Qg6+ Ng7 31. b4 Qh4+ 32. Kg2 Qh5 33.
Qe6 Qxf3+ 34. Kg1 Qxf2+ 35. Kh1 Qf3+ 36. Kg1 Qxc3 37. Qd5 Rc8 38. b5 Qg3+ 39.
Kh1 Rc1+ 40. Qd1 Rxd1# 0-1

[Event "Youth Classic 2018 Juniors Open U18"]
[Site "Bad Soden-Neuenhain, Bürgerhau"]
[Date "2018.10.02"]
[Round "7.8"]
[White "Karl, Florian"]
[Black "Buchholz, Jan"]
[Result "1-0"]
[WhiteElo "1608"]
[BlackElo "994"]
[PlyCount "155"]
[EventDate "2018.??.??"]
[WhiteTeam "SK Langen"]
[BlackTeam "SK Langen"]

1. d4 d5 2. c4 c6 3. Nc3 Nf6 4. Bg5 e6 5. e3 g6 6. Nf3 Bg7 7. Bd3 O-O 8. O-O
Nbd7 9. a3 Re8 10. Qe2 e5 11. cxd5 cxd5 12. dxe5 Nxe5 13. Nxe5 Rxe5 14. Bf4 Re8
15. Qc2 d4 16. exd4 Qxd4 17. Be3 Qd8 18. Rfd1 Qc7 19. Nb5 Qxc2 20. Bxc2 Re7 21.
Rd8+ Ne8 22. Nd6 Kf8 23. Rxc8 Rxc8 24. Nxc8 Rc7 25. Be4 Rxc8 26. Rb1 b6 27. Kf1
Nd6 28. Bd3 Ke7 29. Ke2 Ke6 30. Kd2 Rd8 31. Ke2 Rc8 32. b4 Nf5 33. Bxf5+ Kxf5
34. Rd1 Rc7 35. Rd5+ Ke6 36. Rd8 Bb2 37. Rd3 Rd7 38. Rb3 Be5 39. h3 h5 40. Bd2
Kf5 41. Rf3+ Ke6 42. Re3 Kf5 43. Rb3 Ke4 44. g3 Kf5 45. f4 Bf6 46. Be3 Re7 47.
Kf3 g5 48. g4+ hxg4+ 49. hxg4+ Kg6 50. f5+ Kg7 51. Rd3 Kf8 52. Rd6 Bb2 53. Bxg5
Rc7 54. Rd8+ Kg7 55. Rd3 Rc3 56. Rxc3 Bxc3 57. Bc1 Kf6 58. Ke4 Ke7 59. Kd5 Kd7
60. g5 Ba1 61. Kc4 Kc6 62. a4 a6 63. b5+ axb5+ 64. axb5+ Kd6 65. Bf4+ Kd7 66.
Be3 Kc7 67. Bd4 Bxd4 68. Kxd4 Kd6 69. g6 fxg6 70. fxg6 Ke6 71. g7 Kf7 72. Kd5
Kxg7 73. Kc6 Kf7 74. Kxb6 Ke7 75. Kc7 Ke6 76. b6 Ke7 77. b7 Ke6 78. b8=Q 1-0

[Event "Youth Classic 2018 Juniors Open U18"]
[Site "Bad Soden-Neuenhain, Bürgerhau"]
[Date "2018.10.02"]
[Round "7.9"]
[White "Edelmann, Viktor"]
[Black "Hegmann, Kolja"]
[Result "1/2-1/2"]
[WhiteElo "1399"]
[BlackElo "1614"]
[PlyCount "48"]
[EventDate "2018.??.??"]
[WhiteTeam "SC Frankfurt-West"]
[BlackTeam "TuS Makkabi"]

1. e4 e6 2. d4 d5 3. e5 c5 4. c3 Nc6 5. Bb5 Qb6 6. Bxc6+ bxc6 7. Nf3 c4 8. Be3
c5 9. b3 Ba6 10. Nbd2 Qa5 11. Qc2 f6 12. g3 fxe5 13. Nxe5 Nf6 14. bxc4 Ne4 15.
Nxe4 dxe4 16. O-O Bd6 17. Qxe4 O-O 18. Rfc1 Rfe8 19. Qg4 cxd4 20. Bh6 Bxe5 21.
cxd4 Bf6 22. Rc2 Qf5 23. Qxf5 exf5 24. Be3 Rac8 1/2-1/2

[Event "Youth Classic 2018 Juniors Open U18"]
[Site "Bad Soden-Neuenhain, Bürgerhau"]
[Date "2018.10.02"]
[Round "7.10"]
[White "Badan, Tarkan"]
[Black "Rakhletskyy, Bohdan"]
[Result "1-0"]
[WhiteElo "1112"]
[BlackElo "796"]
[PlyCount "89"]
[EventDate "2018.??.??"]
[WhiteTeam "Frankfurter TV"]
[BlackTeam "SC Nied"]

1. e4 e5 2. Nf3 Nc6 3. d4 d6 4. d5 Na5 5. Bd2 b6 6. Nc3 c6 7. Bd3 Nf6 8. a3 Bg4
9. b4 Nb7 10. dxc6 Nc5 11. bxc5 dxc5 12. Be2 Bd6 13. O-O O-O 14. Be3 Rc8 15.
Qd3 Rxc6 16. Nd5 Nxd5 17. exd5 Rc7 18. Bg5 Qd7 19. a4 Bf5 20. Qd2 h6 21. Bh4
Bg4 22. a5 b5 23. Rab1 a6 24. Qe3 Re8 25. Nd2 Bxe2 26. Qxe2 Be7 27. Bxe7 Rxe7
28. c4 bxc4 29. Qxc4 Qc8 30. Rb6 Ra7 31. Ne4 Qc7 32. d6 Qd8 33. dxe7 Qxe7 34.
Nxc5 Qe8 35. Nxa6 e4 36. Rb8 Qxb8 37. Nxb8 Rxa5 38. Qxe4 Rb5 39. Qe8+ Kh7 40.
Qxb5 g6 41. Rc1 Kg7 42. Qe8 h5 43. Rc7 g5 44. Qxf7+ Kh6 45. Qf6# 1-0

[Event "Youth Classic 2018 Juniors Open U18"]
[Site "Bad Soden-Neuenhain, Bürgerhau"]
[Date "2018.10.02"]
[Round "7.11"]
[White "Wagner, Valerian"]
[Black "Gertel, Josef"]
[Result "0-1"]
[WhiteElo "773"]
[BlackElo "1291"]
[PlyCount "38"]
[EventDate "2018.??.??"]
[WhiteTeam "SC Bad Soden"]
[BlackTeam "SC Frankfurt-West"]

1. e4 e5 2. Nf3 Nc6 3. Bc4 h6 4. Nc3 Nf6 5. d3 Bb4 6. Be3 d5 7. exd5 Nxd5 8.
Bd2 Nxc3 9. Bxc3 Bxc3+ 10. bxc3 O-O 11. O-O Bg4 12. Qe1 Bxf3 13. gxf3 Qg5+ 14.
Kh1 Rad8 15. d4 exd4 16. cxd4 Rxd4 17. Bd3 Rh4 18. Rg1 Qf4 19. Be4 Qxh2# 0-1

[Event "Youth Classic 2018 Juniors Open U18"]
[Site "Bad Soden-Neuenhain, Bürgerhau"]
[Date "2018.10.03"]
[Round "8.1"]
[White "Boder, Jan"]
[Black "Deppe, Leo Max"]
[Result "1-0"]
[WhiteElo "1874"]
[BlackElo "1895"]
[PlyCount "29"]
[EventDate "2018.??.??"]
[WhiteTeam "SG Mörsdorf-Lahr"]
[BlackTeam "SC Bad Soden"]

1. b3 Nc6 2. Bb2 e5 3. e3 Bc5 4. Bb5 Qe7 5. f4 d6 6. Nf3 f6 7. fxe5 fxe5 8. O-O
Bd7 9. Nc3 a6 10. Nd5 Qd8 11. Bd3 Be6 12. c4 Nce7 13. Ng5 Bxd5 14. cxd5 Qd7 15.
Ne6 1-0

[Event "Youth Classic 2018 Juniors Open U18"]
[Site "Bad Soden-Neuenhain, Bürgerhau"]
[Date "2018.10.03"]
[Round "8.2"]
[White "Schmohel, Andreas"]
[Black "Iliev, Mustafa Batuhan"]
[Result "1-0"]
[WhiteElo "1825"]
[BlackElo "2046"]
[PlyCount "103"]
[EventDate "2018.??.??"]
[WhiteTeam "SC Viernheim"]
[BlackTeam "SV Großauheim"]

1. d4 f5 2. g3 g6 3. Bg2 Bg7 4. Nf3 Nf6 5. b3 O-O 6. Bb2 d6 7. O-O c6 8. c4 Qe8
9. Qc2 Nbd7 10. Nbd2 e5 11. dxe5 dxe5 12. e4 f4 13. c5 Qe7 14. Nc4 fxg3 15.
hxg3 Ng4 16. Nd6 Nh6 17. Rad1 Rd8 18. Qc4+ Kf8 19. Ng5 Qxg5 20. f4 Qxg3 21.
fxe5+ Bf6 22. Bc1 Nxe5 23. Bxh6+ Ke7 24. Qd4 Bh3 25. Qf2 Qxg2+ 26. Qxg2 Bxg2
27. Kxg2 Rd7 28. Kh3 Rad8 29. Rf2 Ke6 30. Rdf1 Be7 31. Bg7 Bxd6 32. Rf6+ Ke7
33. cxd6+ Rxd6 34. Rxd6 Rxd6 35. Bxe5 Rd2 36. Bf6+ Ke6 37. e5 Rxa2 38. Rd1 h5
39. Kh4 a5 40. Kg5 Rg2+ 41. Kh6 Rg3 42. Rd6+ Kf5 43. Bg7 h4 44. Rf6+ Ke4 45. e6
Kd5 46. e7 Re3 47. Bf8 h3 48. Rd6+ Kc5 49. Re6 Rxe6 50. e8=Q+ Kd5 51. Qd7+ Ke5
52. Bg7+ 1-0